000 00676nam a2200277Ia 4500
005 20260121125448.0
008 008 260114s9999 xx 000 0 eng d
020 _a9780674981096
037 _aEBOOK
040 _aCRL
040 _beng
040 _cCRL
041 _2eng
041 _aeng
084 _qCRL
100 _aSchayegh, Cyrus
_9993351
245 4 _aThe Middle East and the Making of the Modern World
260 _bWalter de Gruyter
260 _bWalter de Gruyter
260 _c2017
650 _aHistory
_9993352
856 _uhttp://www.degruyter.com/isbn/9780674981096
942 _cEBOOK
999 _c1562198
_d1562198